PROFESIJNÁ PRÍPRAVA NA MF SPU A UPLATNENIE JEJ ABSOLVENTOV NA TRHU PRÁCE V POĽNOHOSPODÁRSTVE A V PODNIKOCH POĽNOHOSPODÁRSKYCH SLUŽIEB

Bibliographic Details
Main Author: Maťo, Ladislav (Author)
Format: Article
Language:Slovak

MARC

LEADER 00000naa a2200000uu 4500
001 vtls011061411
003 SK-MaSNL
005 20260302111943.0
008 210906|2002 xo |||||||||||||||||slo|
015 |a SNBRA 
035 |a (urnnbn)urn:nbn:sk:snk:ar-a0c2yj 
035 |a (uuid)830c2f33-416a-47ee-9109-0cc02a551794 
035 |a urn:nbn:sk:snk-aav9h4 
040 |a SNKBUCL  |b slo  |c SNKBUCL  |e AACR2 
041 0 |a slo 
044 |a xo  |c SK 
100 1 |a Maťo, Ladislav  |4 aut  |9 40310 
245 1 0 |a PROFESIJNÁ PRÍPRAVA NA MF SPU A UPLATNENIE JEJ ABSOLVENTOV NA TRHU PRÁCE V POĽNOHOSPODÁRSTVE A V PODNIKOCH POĽNOHOSPODÁRSKYCH SLUŽIEB  |c Ladislav MAŤO 
246 3 |a PROFFESION DEVELOPMENT IN MF OF SAU AND STUDENTS' APPLICATION ON LABOUR MARKET IN AGRICULTURE AND IN AGRICULTURAL SERVICE ENTERPRISES 
773 0 |t Ekonomika a manažment podnikov v procese globalizácie  |d V Nitre : Slovenská poľnohospodárska univerzita, 2002  |g S. 746-750  |z 8080690294  |z 808069026X 
958 |a OND 
958 |a article12 
958 |a chapter 
999 |c 1249607  |d 1251537